Board Game Groups of Things - Statistics

General Stats
  • This quiz has been taken 31,223 times
  • The average score is 23 of 56
Answer Stats
Group Member % Correct
Chess Pieces Queen
98%
Chess Pieces King
97%
Chess Pieces Pawn
93%
Chess Pieces Knight
92%
Chess Pieces Bishop
88%
Chess Pieces Rook
88%
Clue Weapons Rope
78%
Clue Weapons Knife
77%
Monopoly Tokens (2013) Racecar
75%
Clue Weapons Revolver
75%
Clue Weapons Candlestick
70%
Monopoly Tokens (2013) Scottie Dog
67%
Monopoly Tokens (2013) Battleship
63%
Clue Weapons Lead Pipe
60%
Monopoly Tokens (2013) Top Hat
59%
Trivial Pursuit Categories (Genus I) History
58%
Settlers of Catan Resources Ore
55%
Trivial Pursuit Categories (Genus I) Science & Nature
54%
Battleship Ships Battleship
51%
Trivial Pursuit Categories (Genus I) Sports & Leisure
51%
Battleship Ships Aircraft Carrier
49%
Trivial Pursuit Categories (Genus I) Art & Literature
49%
Trivial Pursuit Categories (Genus I) Geography
45%
Monopoly Tokens (2013) Boot
43%
Battleship Ships Destroyer
42%
Battleship Ships Submarine
42%
Clue Weapons Wrench
41%
Trivial Pursuit Categories (Genus I) Entertainment
40%
Monopoly Tokens (2013) Thimble
40%
Settlers of Catan Resources Wood
37%
Monopoly Tokens (2013) Cat
29%
Stratego Pieces General
28%
Settlers of Catan Resources Wheat
27%
Candy Land Locations {Gumdrop} Mountains
25%
Settlers of Catan Resources Sheep
25%
Settlers of Catan Resources Brick
21%
Candy Land Locations {Gingerbread} Plum Trees
21%
Monopoly Tokens (2013) Wheelbarrow
20%
Stratego Pieces Lieutenant
18%
Stratego Pieces Bomb
17%
Stratego Pieces Captain
17%
Candy Land Locations {Licorice} Castle
17%
Stratego Pieces Colonel
16%
Stratego Pieces Sergeant
16%
Stratego Pieces Spy
16%
Candy Land Locations {Lollipop} Woods
15%
Stratego Pieces Flag
14%
Stratego Pieces Major
14%
Battleship Ships Patrol Boat
14%
Candy Land Locations {Peppermint} Forest
12%
Stratego Pieces Scout
12%
Candy Land Locations {Ice} {Cream} Sea
10%
Stratego Pieces Marshal
10%
Stratego Pieces Miner
10%
Candy Land Locations {Molasses} Swamp
9%
Candy Land Locations {Peanut} {Brittle} House
7%
No matching quizzes found
Score Distribution
Percent of People with Each Score
Percentile by Number Answered
Your Score History
You have not taken this quiz